|
|
|
|
| LEADER |
00000nab a2200000 ar4500 |
| 001 |
vtls008640061 |
| 003 |
SK-MaSNL |
| 005 |
20260303192446.0 |
| 008 |
060328c20060313xo sr|p|||||||000 b|slo |
| 015 |
|
|
|a SNBRB2006/03
|2 snkbucl
|
| 038 |
|
|
|a SNKBUCL
|
| 040 |
|
|
|a SNKBUCL
|b slo
|c SNKBUCL
|e AACR2
|
| 041 |
0 |
|
|a slo
|
| 044 |
|
|
|a xo
|c SK
|
| 080 |
|
|
|a 796.325.093.1
|2 UDC-MRF-SK2
|
| 245 |
0 |
0 |
|a Domáci nezaváhali ani raz
|b extraliga volejbalistov - druhé zápasy štvrťfinále play-off
|
| 300 |
|
|
|b Fotogr.
|
| 648 |
|
7 |
|a sezóna 2005/2006
|2 snkbucl
|9 1033192
|
| 650 |
0 |
7 |
|a volejbal
|2 snkbucl
|9 3294
|
| 650 |
0 |
7 |
|a muži
|2 snkbucl
|9 4888
|
| 650 |
0 |
7 |
|a extraliga
|2 snkbucl
|9 18992
|
| 650 |
0 |
7 |
|a štvrťfinále play-off
|2 snkbucl
|9 1033439
|
| 773 |
0 |
|
|t Šport
|g Roč. 60, č. 60 (13.3.2006), s. 38
|x 0139-7001
|
| 999 |
|
|
|c 2146331
|d 2148261
|